[Event "ARG-ch U18"]
[Site "Ibague"]
[Date "2024.03.16"]
[Round "4"]
[White "Perez Latorre, Juan Sebastian"]
[Black "Gomez Bernal, Juan Sebastian"]
[Result "1-0"]
[WhiteElo "1777"]
[BlackElo "1638"]
[PlyCount "119"]
[EventDate "2024.03.14"]
[EventType "swiss"]
[EventRounds "7"]
[EventCountry "COL"]
[SourceTitle "CB12_2024"]
[SourceDate "2023.10.01"]
[SourceVersion "1"]
[SourceVersionDate "2023.10.01"]
[SourceQuality "1"]

1. e4 e5 2. Nf3 Nc6 3. Bc4 Nf6 4. d3 Bc5 5. Nc3 d6 6. Bg5 h6 7. Bh4 g5 8. Bg3 a6 9. a3 Qe7 10. h3 Bd7 11. Qd2 0-0-0 12. b4 Ba7 13. b5 Na5 14. Nd5 Nxd5 15. Qxa5 Bb6 16. Qd2 Nf4 17. Bxf4 exf4 18. bxa6 f5 19. 0-0 g4 20. Nh2 f3 21. g3 fxe4 22. dxe4 Qxe4 23. Bd5 Qe5 24. Bxb7+ Kb8 25. Kh1 Ba5 26. Qd3 Bb5 27. c4 Qe2 28. Qb1 Bb6 29. Qxb5 h5 30. Bc6 Ka7 31. Rae1 Qc2 32. Be4 Qd2 33. Qd5 Qxd5 34. Bxd5 Kxa6 35. hxg4 hxg4 36. Re4 Rh3 37. Rxg4 Rdh8 38. Rh4 R8xh4 39. gxh4 Bc5 40. Bxf3 Rxh4 41. Bd5 c6 42. Bxc6 d5 43. cxd5 Bd6 44. f4 Bxf4 45. Rf2 Bd6 46. a4 Kb6 47. Rb2+ Ka5 48. Kg1 Bc5+ 49. Kg2 Bd6 50. Nf3 Rg4+ 51. Kf2 Bc5+ 52. Ke1 Bb4+ 53. Kd1 Rf4 54. Ke2 Rg4 55. Kd3 Rg3 56. Ke4 Bd6 57. Ne5 Bf8 58. Rb5+ Ka6 59. Bb7+ Ka7 60. Nc6# 1-0

[Event "ARG-ch U18"]
[Site "Ibague"]
[Date "2024.03.15"]
[Round "3"]
[White "Galeano Reyes, Juan Esteban"]
[Black "Perez Latorre, Juan Sebastian"]
[Result "1/2-1/2"]
[WhiteElo "1555"]
[BlackElo "1777"]
[PlyCount "104"]
[EventDate "2024.03.14"]
[EventType "swiss"]
[EventRounds "7"]
[EventCountry "COL"]
[SourceTitle "CB12_2024"]
[SourceDate "2023.10.01"]
[SourceVersion "1"]
[SourceVersionDate "2023.10.01"]
[SourceQuality "1"]

1. Nf3 Nf6 2. g3 g6 3. Bg2 Bg7 4. 0-0 d5 5. d3 b6 6. Nbd2 Bb7 7. Re1 0-0 8. c4 e6 9. cxd5 exd5 10. Qc2 Re8 11. b3 c5 12. d4 Nc6 13. dxc5 Rc8 14. Bb2 Nb4 15. Qd1 Rxc5 16. Ba3 Nc2 17. Bxc5 Nxe1 18. Qxe1 bxc5 19. e3 Ne4 20. Rc1 Bc3 21. Qe2 Nxd2 22. Nxd2 Qa5 23. Nb1 Bg7 24. Qd2 Qxd2 25. Nxd2 Rc8 26. Kf1 Ba6+ 27. Ke1 d4 28. exd4 Re8+ 29. Kd1 cxd4 30. Bf1 Bxf1 31. Nxf1 d3 32. Ne3 Bh6 33. Kd2 f5 34. f4 Bg7 35. Re1 Bd4 36. Kxd3 Bb6 37. Nc2 Rd8+ 38. Kc3 Kf7 39. Ne3 Bd4+ 40. Kc4 Bxe3 41. Rxe3 Rd2 42. a4 Rxh2 43. Kb5 Rc2 44. Ka6 Rc7 45. b4 h6 46. a5 g5 47. b5 gxf4 48. b6 axb6 49. axb6 fxe3 50. bxc7 e2 51. c8Q e1Q 52. Qxf5+ Kg8 1/2-1/2

[Event "Medellin Flores op 30th"]
[Site "Medellin"]
[Date "2023.08.05"]
[Round "5"]
[White "Perez Latorre, Juan Sebastian"]
[Black "Zapata Uribe, Juan Sebastian"]
[Result "1-0"]
[WhiteElo "1606"]
[BlackElo "1581"]
[PlyCount "41"]
[EventDate "2023.08.03"]
[EventType "swiss"]
[EventRounds "9"]
[EventCountry "COL"]
[SourceTitle "EXT 2024"]
[Source "ChessBase"]
[SourceDate "2023.10.10"]
[SourceVersion "1"]
[SourceVersionDate "2023.10.10"]
[SourceQuality "1"]

1. e4 c5 2. Nf3 Nc6 3. c3 e5 4. d4 cxd4 5. cxd4 d6 6. dxe5 Nxe5 7. Nxe5 Qa5+ 8. Nc3 Qxe5 9. Bb5+ Bd7 10. Bxd7+ Kxd7 11. Be3 a6 12. 0-0 Nf6 13. f4 Qe8 14. e5 Ng8 15. Qf3 Qc8 16. Nd5 Ke8 17. Rac1 Qb8 18. Nc7+ Ke7 19. exd6+ Kxd6 20. Qd5+ Ke7 21. Bc5+ 1-0

[Event "COL-ch U18"]
[Site "Bogota"]
[Date "2023.05.13"]
[Round "4"]
[White "Molina Ballesteros, Juan Sebastian"]
[Black "Perez Latorre, Juan Sebastian"]
[Result "1/2-1/2"]
[WhiteElo "1805"]
[BlackElo "1408"]
[PlyCount "98"]
[EventDate "2023.05.11"]
[EventType "swiss"]
[EventRounds "7"]
[EventCountry "COL"]
[SourceTitle "CBM 214 Extra"]
[Source "ChessBase"]
[SourceDate "2023.07.31"]
[SourceVersion "1"]
[SourceVersionDate "2023.07.31"]
[SourceQuality "1"]

1. e4 c5 2. Nf3 Nc6 3. d4 cxd4 4. Nxd4 g6 5. Nc3 Bg7 6. Be3 Nf6 7. Bc4 Qa5 8. 0-0 0-0 9. Bb3 d6 10. h3 Bd7 11. f4 Nxd4 12. Bxd4 Bc6 13. e5 dxe5 14. Bxe5 Rad8 15. Qe2 Rd7 16. Kh2 Rfd8 17. Rad1 e6 18. Rxd7 Rxd7 19. Rd1 Qd8 20. Rxd7 Qxd7 21. Qe3 a6 22. Qd4 Qxd4 23. Bxd4 Ne4 24. Bxg7 Kxg7 25. Nd1 Nd2 26. Kg1 Nxb3 27. axb3 h5 28. g3 Kf6 29. Ne3 e5 30. h4 exf4 31. gxf4 Be4 32. c3 b5 33. b4 Ke6 34. Kf2 f6 35. Nf1 Bd5 36. Nd2 Kf5 37. Kg3 g5 38. fxg5 fxg5 39. hxg5 Kxg5 40. Nf3+ Bxf3 41. Kxf3 Kf5 42. b3 Ke5 43. Ke3 h4 44. Kf3 h3 45. Kg3 Ke4 46. c4 bxc4 47. bxc4 Kd4 48. c5 Kd5 49. Kxh3 a5 1/2-1/2

[Event "COL-ch U16"]
[Site "Villavicencio"]
[Date "2022.05.14"]
[Round "6"]
[White "Cabrales Almanza, Josue Ricardo"]
[Black "Perez Latorre, Juan Sebastian"]
[Result "1-0"]
[WhiteElo "1782"]
[BlackElo "1417"]
[PlyCount "69"]
[EventDate "2022.05.11"]
[EventType "swiss"]
[EventRounds "9"]
[EventCountry "COL"]
[SourceTitle "CBM 208 Extra"]
[Source "ChessBase"]
[SourceDate "2022.07.31"]
[SourceVersion "1"]
[SourceVersionDate "2022.07.31"]
[SourceQuality "1"]

1. Nf3 d5 2. c4 e6 3. d4 Nf6 4. cxd5 exd5 5. Nc3 Be7 6. g3 0-0 7. Bg2 Nbd7 8. 0-0 h6 9. Qc2 b6 10. Ne5 Bb7 11. Qb3 c6 12. e4 Nxe5 13. dxe5 Nd7 14. exd5 cxd5 15. Be3 Rb8 16. Bxd5 Nc5 17. Bxc5 Bxc5 18. e6 Bxd5 19. Nxd5 Qg5 20. Nc3 f5 21. Rad1 Rbe8 22. Kg2 h5 23. f4 Qe7 24. Rfe1 g5 25. Rd7 Qf6 26. Nd5 Qg6 27. e7 Rf7 28. Nc7 Qc6+ 29. Qd5 Qa4 30. Nxe8 Qc2+ 31. Kh1 Qf2 32. Nf6+ Kg7 33. Qxf7+ Kxf7 34. e8Q+ Kxf6 35. Qe6# 1-0

[Event "COL-ch U16"]
[Site "Villavicencio"]
[Date "2022.05.12"]
[Round "3"]
[White "Zapata Montes, Tomas"]
[Black "Perez Latorre, Juan Sebastian"]
[Result "0-1"]
[WhiteElo "1600"]
[BlackElo "1417"]
[PlyCount "68"]
[EventDate "2022.05.11"]
[EventType "swiss"]
[EventRounds "9"]
[EventCountry "COL"]
[SourceTitle "CBM 208 Extra"]
[Source "ChessBase"]
[SourceDate "2022.07.31"]
[SourceVersion "1"]
[SourceVersionDate "2022.07.31"]
[SourceQuality "1"]

1. d4 d5 2. Nf3 Bg4 3. Nc3 Nf6 4. h3 Bxf3 5. gxf3 Nbd7 6. Bf4 e6 7. Qd3 Bb4 8. 0-0-0 a6 9. e4 Bxc3 10. Qxc3 dxe4 11. fxe4 Nxe4 12. Qe3 Nef6 13. Bg2 c6 14. Bf3 Qa5 15. a3 0-0-0 16. Qd2 Qxd2+ 17. Bxd2 e5 18. dxe5 Nxe5 19. Bg4+ Nexg4 20. hxg4 Nxg4 21. Rdf1 h5 22. f3 Ne5 23. Rhg1 g6 24. Bc3 Rhe8 25. Rg5 Nc4 26. b3 Nxa3 27. Ba5 Rd5 28. Rxd5 cxd5 29. Rd1 Re2 30. Kb2 Nxc2 31. Bb6 Ne3+ 32. Kc1 Nxd1 33. Kxd1 Re6 34. Bg1 h4 0-1